Entry Nombre personal
001 - NÚMERO DE CONTROL
- campo de control: 66973
003 - IDENTIFICADOR DE NÚMERO DE CONTROL
- campo de control: SpMaBN
005 - FECHA Y HORA DE LA ÚLTIMA TRANSACCIÓN
- campo de control: 20250826012806.0
008 - ELEMENTOS DE DATO DE LONGITUD-FIJA
- campo de control de longitud fija: 960922n| aijnnaabn a aac
016 ## - NÚMERO DE CONTROL DE UNA AGENCIA BIBLIOGRÁFICA NACIONAL
- Número de control del registro: BNE19990869092
040 ## - FUENTE DE CATALOGACIÓN
- Centro catalogador/agencia de origen: SpMaBN
- Lengua de catalogación: spa
- Centro/agencia transcriptor: SpMaBN
- Normas de descripción: rdc
- Convención/Normas de encabezamiento de materia/tesauro: embne
100 0# - ENCABEZAMIENTO-NOMBRE DE PERSONA
- Nombre de persona: José Abel Salazar de Cristo Rey,
- Fechas asociadas al nombre: 1911-1976
400 1# - TRAZADO DE VÉASE--NOMBRE DE PERSONA
- Nombre de persona: Abel Salazar, José,
- Fechas asociadas al nombre: 1911-1976
400 1# - TRAZADO DE VÉASE--NOMBRE DE PERSONA
- Nombre de persona: Abel Salazar de Cristo Rey, José,
- Fechas asociadas al nombre: 1911-1976
400 1# - TRAZADO DE VÉASE--NOMBRE DE PERSONA
- Nombre de persona: Salazar, José Abel,
- Fechas asociadas al nombre: 1911-1976
